000 00609nam a2200229Ia 4500
003 OSt
005 20221005121912.0
006 a|||||r|||| 00| 0
007 ta
008 221004b |||||||| |||| 00| 0 eng d
024 _a29725
037 _cTextual
040 _aCRL
_cCRL
_beng
041 _2eng
_aeng
082 _a14:24:N5, J6.1
100 _aChaudhuri Sibadas Comp
_9631226
245 0 _aIndex to the publications of the Asiatic society
260 _c1956
650 _aBIBLIOGRAPHY
942 _h14:24:N5, J6.1
_cTEXL
_2cc
999 _c1042618
_d1042618